Erfolgreichste Filme der 2000er nach Hauptschurken - Statistiken

Allgemein
  • Dieses Quiz wurde 220 mal gespielt
    72 seit der letzten Aktualisierung
  • Das Durchschnittsergebnis liegt bei 14 aus 20
Antwortstatistiken
Bildquiz Hint Antwort % Korrekt
Richard Bremmer, Ralph Fiennes Harry Potter
99%
David Tennant Harry Potter und der Feuerkelch
99%
Geoffrey Rush Fluch der Karibik
94%
Bill Nighy Pirates of the Caribbean
94%
Goran Višnjić Ice Age
93%
Nicolas David Inhofe (Soundeffekte) Ice Age 2 – Jetzt taut’s
93%
Frank Welker (Soundeffekte) Ice Age 3 – Die Dinosaurier sind los
93%
Sala Baker (Schauspieler), Alan Howard (Sprecher) Der Herr der Ringe
88%
Sky du Mont Der Schuh des Manitu
76%
Ian Holm Ratatouille
76%
Ian McDiarmid Star Wars
66%
Fred Tatasciore (Soundeffekte) Madagascar
64%
Alec Baldwin Madagascar 2
64%
Rick Kavanian (T)Raumschiff Surprise – Periode 1
64%
Stephen Lang Avatar – Aufbruch nach Pandora
57%
Jennifer Saunders Shrek 2 – Der tollkühne Held kehrt zurück
55%
Mads Mikkelsen James Bond 007 – Casino Royale
52%
Nina Hagen 7 Zwerge – Männer allein im Wald
49%
Ben Whishaw Das Parfum – Die Geschichte eines Mörders
31%
Ian McKellen The Da Vinci Code – Sakrileg
18%
Keine übereinstimmenden Quizze gefunden
Verteilung der Resultate
Anzahl Personen mit jedem Resultat
Perzentil nach korrekt beantworteten Fragen
Ihre Resultats-Entwicklung
Sie haben dieses Quiz seit der letzten Aktualisierung nicht gespielt